| 000 | 00000nam 2200000zi 4500 |
| 001 | 9.934892 |
| 003 | CaOODSP |
| 005 | 20240819072457 |
| 006 | m o d f |
| 007 | cr mn||||||||| |
| 008 | 240305t20242024onca ob f000 0 eng d |
| 020 | |a9780660705972 |q(PDF) |
| 020 | |a9780660705996 |q(bilingual ; |qprint) |
| 040 | |aCaOODSP|beng|erda|cCaOODSP |
| 043 | |an-cn--- |
| 086 | 1 |aD2-150/2024E-PDF |
| 086 | 1 |aD2-150/2024 |
| 245 | 00|aFighting spirit : |bthe profession of arms in Canada. |
| 264 | 1|a[Ottawa] : |bNational Defence = Défense nationale, |c2024. |
| 264 | 4|c©2024 |
| 300 | |a1 online resource (102 pages) : |bcolour illustrations |
| 336 | |atext|btxt|2rdacontent |
| 337 | |acomputer|bc|2rdamedia |
| 338 | |aonline resource|bcr|2rdacarrier |
| 500 | |aIssued also in French under title: L'esprit combatif : la profession des armes au Canada. |
| 500 | |a"Published under the auspices of the Chief of the Defence Staff by the Canadian Defence Academy - Professional Concepts and Leader Development"--Verso of cover. |
| 500 | |a"NDID number: A-PA-005-000/AP-139"--Verso of cover. |
| 504 | |aIncludes bibliographical references. |
| 505 | 0 |aPreface -- Foreword -- Security in an uncertain world -- The purpose and composition of professions -- The Canadian profession of arms -- The Canadian Armed Forces ethos -- The organizing and functioning of the profession of arms in Canada -- Self-regulation : the engine of adaptation -- Closing remarks on Fighting spirit : the profession of arms in Canada -- Glossary. |
| 520 | |a"Fighting Spirit: The Profession of Arms in Canada is the second publication in a series of doctrine that first started with The Canadian Armed Forces Ethos: Trusted to Serve (2022), both of which now replace Duty with Honour: The Profession of Arms in Canada (2009). … Fighting Spirit is a doctrinal guide that articulates the Canadian Armed Force's (CAF's) renewed commitment to professionalism by describing what it means to be a military professional and how to apply these concepts to military service. In particular, the profession will emphasize concepts that bring military teams together in a positive, inclusive and productive way. The intent is to reset the conditions needed for a new personal and institutional fighting spirit that will help strengthen the CAF and its ability to defend Canada and Canadian interests. …"--Foreword, page 7. |
| 610 | 10|aCanada. |bCanadian Armed Forces. |
| 650 | 0|aMilitary art and science|zCanada. |
| 650 | 0|aMilitary doctrine|zCanada. |
| 650 | 0|aMilitary ethics|zCanada. |
| 650 | 0|aLeadership|zCanada. |
| 710 | 1 |aCanada. |bDepartment of National Defence, |eissuing body. |
| 710 | 2 |aCanadian Defence Academy, |eissuing body. |
| 775 | 08|tL'esprit combatif : |w(CaOODSP)9.934894 |
| 776 | 0#|tFighting spirit : |w(CaOODSP)9.934895 |
| 856 | 40|qPDF|s7.92 MB|uhttps://publications.gc.ca/collections/collection_2024/mdn-dnd/D2-150-2024-eng.pdf |
| 856 | 4 |qHTML|sN/A|uhttps://www.canada.ca/en/department-national-defence/corporate/reports-publications/fighting-spirit.html |
| 986 | |aA-PA-005-000/AP-139 |